000 03173cam a22005414i 4500
003 PE-LiUPU
005 20250731170429.0
008 150623s r 000 0 d
035 _a(Sirsi) a25834
040 _aPE-LiUPU
_bspa
_cPE-LiUPU
_erda
082 0 4 _a170.1
_bF54
_221
100 1 _aFinnis, John,
_eautor.
245 1 0 _aFundamentals of ethics /
_cJohn Finnis.
264 1 _aWashington, DC :
_bGeorgentown University Press,
_c1983.
300 _a163 páginas ;
_c22 cm.
336 _atext
_2rdacontent
337 _aunmediated
_2rdamedia
338 _avolume
_2rdacarrier
504 _aIncluye bibliografía.
505 0 _aThe practicality of ethics: Ethics is practical. Implications of the practical character of ethics. The great questions of ethics. Practical understanding and nature. 'Everyone would say..' Some conclusions about 'good' and 'nature'. Understanding and human goods: Reduction of ethics to (the desires of)'human nature'. Desire and understanding. The experience machine, the critique of feelings and human flourishing. Is understood good the good of a system for securing satisfactions?. Desire for understood goods: 'will' and 'participation in goods'. Thin theories of human good. The identification of basic human goods. Objetivity, truth and moral principles: Scepticism and objectivity. The argument from queerness. Objectivity and truth. From 'good' to 'right': from value judgment to choice. 'Right reason': the transparency of practical reasonableness. The variety of intermediate principles and the argument fron relativity. Utilitarianism, consequentialism, proportionalism..or ethics?:The varieties and the terminology. Incommensurability. How we evaluate practical solutions as 'better' or 'worse'. Standard techniques of rationalization. A new form of rationalization. Kantian principles' and ethics: Proportionalism and the Pauline principle. Proportionalism and Socrates' principle. 'Treat humanity as an end, and never merely as a means'. Respect every basic human good in each of your acts. Can proportionalist weighing be avoided? Punish ment and self-defence. Ethics and our destiny: The significance of free choices. a fundamental option to be reasonable?. Objectivity and friendship revisited. On 'the last things'.
526 _aSEG68
526 _aSEG70
526 _aSEG69
526 _aSEG67
526 _aSEG43
526 _aP144
526 _aP143
526 _aP131
526 _aP122
526 _aP120
526 _aP117
526 _aP112
526 _aP110
526 _aP106
526 _aP101
526 _aP80
526 _aP59
526 _aP54
526 _aP35
526 _aP33
526 _aP30
650 0 4 _aEtica
_xFundamentos.
942 _2ddc
_cBOOK
949 _a170.1 F54
_wDEWEY
_c1
_i51104
_lCCODEBUL1
_mBUL
_p10.00
_r0
_sY
_tBOOK
_u2015-06-24
_xTEOLOGIA
_PP35
_0COMPRA
_o.STAFF. Colección General
596 _a1
999 _a170.1 F54
_wDEWEY
_c32799
_i51104
_f2021-11-9
_g5
_lCCODEBUL1
_mBUL
_p10.00
_r0
_sY
_tBOOK
_u2015-6-24
_xTEOLOGIA
_PP35
_0COMPRA
_o.STAFF. Colección General
_d32799
980 _81
_gALBERTO SANCHEZ Responsable de Automatización